Groupes-Anime - Statistiques

Statistiques générales
  • Ce quiz a été pris 104 fois
  • Le résultat moyen est 39 sur 84
Statistiques - réponses
Groupe Réponse % Correct
Equipage du Chapeau de Paille Luffy
88%
Equipage du Chapeau de Paille Nami
85%
Equipage du Chapeau de Paille Zoro
85%
Seven Deadly Sins Meliodas
82%
Equipage du Chapeau de Paille Sanji
80%
Seven Deadly Sins Ban
78%
Equipage du Chapeau de Paille Chopper
78%
Membres de l'Akatsuki (début de Naruto Shippuden) Itachi
75%
Equipage du Chapeau de Paille Robin
75%
Pokémon de Sacha (1ère saison) Pikachu
74%
Equipage du Chapeau de Paille Franky
72%
Seven Deadly Sins King
72%
Membres de l'Akatsuki (début de Naruto Shippuden) Pain
72%
Equipage du Chapeau de Paille Usopp
72%
Seven Deadly Sins Diane
71%
Seven Deadly Sins Escanor
71%
Z Fighters Son Goku
71%
Equipage du Chapeau de Paille Brook
69%
Pirates ayant été membres des 7 Grands Corsaires Crocodile
65%
Membres de l'Akatsuki (début de Naruto Shippuden) Deidara
65%
Pirates ayant été membres des 7 Grands Corsaires Doflamingo
65%
Piliers de Demon Slayer Rengoku
65%
Seven Deadly Sins Merlin
63%
Pirates ayant été membres des 7 Grands Corsaires Hancock
62%
Membres de l'Akatsuki (début de Naruto Shippuden) Konan
58%
Pirates ayant été membres des 7 Grands Corsaires Mihawk
58%
Membres de l'Akatsuki (début de Naruto Shippuden) Tobi
58%
Brigade Fantôme Hisoka
57%
Pirates ayant été membres des 7 Grands Corsaires Law
57%
Membres de l'Akatsuki (début de Naruto Shippuden) Kisame
55%
Piliers de Demon Slayer Tengen
55%
Z Fighters Vegeta
55%
Seven Deadly Sins Gowther
54%
Membres de l'Akatsuki (début de Naruto Shippuden) Hidan
54%
Pirates ayant été membres des 7 Grands Corsaires Kuma
54%
Membres de l'Akatsuki (début de Naruto Shippuden) Sasori
54%
Kage d'un grand pays (titre) Hokage
52%
Piliers de Demon Slayer Mitsuri
52%
Pirates ayant été membres des 7 Grands Corsaires Moria
52%
Pirates ayant été membres des 7 Grands Corsaires Baggy
51%
Piliers de Demon Slayer Giyu
51%
Pirates ayant été membres des 7 Grands Corsaires Jinbe
51%
Pirates ayant été membres des 7 Grands Corsaires Barbe-Noire
48%
Z Fighters Son Gohan
48%
Membres de l'Akatsuki (début de Naruto Shippuden) Kakuzu
46%
Piliers de Demon Slayer Shinobu
46%
Kage d'un grand pays (titre) Kazekage
45%
Brigade Fantôme Kuroro
45%
Piliers de Demon Slayer Sanemi
45%
Z Fighters Trunks
45%
Piliers de Demon Slayer Obanai
43%
Membres de l'Akatsuki (début de Naruto Shippuden) Zetsu
43%
Kage d'un grand pays (titre) Raikage
42%
Pokémon de Sacha (1ère saison) Dracaufeu
40%
Kage d'un grand pays (titre) Mizukage
40%
Z Fighters Son Goten
40%
Piliers de Demon Slayer Gyomei
38%
Z Fighters Krilin
38%
Brigade Fantôme Feitan
37%
Piliers de Demon Slayer Tokito
37%
Z Fighters Piccolo
32%
Kage d'un grand pays (titre) Tsuchikage
32%
Z Fighters Yamcha
32%
Brigade Fantôme Pakunoda
31%
Pirates ayant été membres des 7 Grands Corsaires Weevil
31%
Pokémon de Sacha (1ère saison) Carapuce
29%
Pokémon de Sacha (1ère saison) Bulbizarre
28%
Brigade Fantôme Nobunaga
26%
Z Fighters Ten Shin Han
20%
Brigade Fantôme Machi
18%
Brigade Fantôme Franklin
17%
Pokémon de Sacha (1ère saison) Papilusion
17%
Brigade Fantôme Shizuku
17%
Z Fighters Tortue Géniale
17%
Brigade Fantôme Phinks
14%
Pokémon de Sacha (1ère saison) Roucarnage
14%
Brigade Fantôme Uvoguine
14%
Brigade Fantôme Sharnalk
12%
Pokémon de Sacha (1ère saison) Krabboss
8%
Pokémon de Sacha (1ère saison) Tauros
8%
Brigade Fantôme Bonorenof
6%
Brigade Fantôme Korutopi
6%
Pokémon de Sacha (1ère saison) Grotadmorv
3%
Pokémon de Sacha (1ère saison) Colossinge
2%
Aucun quiz correspondant
Distribution des résultats
% des personnes avec chaque résultat
Percentile par nombre de réponses
Votre historique - résultats
Vous n’avez pas pris ce quiz